00981nam a2200301Ia 4500008004100000020001800041100002300059245006700082245005500149260001500204260002000219260000900239300001600248300002700264300001000291500007200301650001500373650002300388650003600411650003700447650001300484650001300497650002500510650002500535700000900560999001900569952009100588160803s9999 xx 000 0 und d a9780439555852 aSloan, Christopher aBury the dead : tombs, corpses, mummies, skeletons & rituals / cby Christopher Sloan ; foreword by Bruno Frohlich. aNew York : bScholastic Inc. c2002 a64 pages :  bcolor illustrations ;  c29 cm aOriginally published: Washington, D.C. : National Geographic, 2002. aBurial --  aBurial customs --  aFuneral rites and ceremonies -- aFuneral rites and ceremonies --  xHistory. xHistory. xJuvenile literature. xJuvenile literature. a1160 c298881d298881 001040aSSISBbSSISBcLEXd2016-08-03l0pSC-807r2016-08-03 00:00:00w2016-08-03yBK